Memorias de Adriano / (Registro nro. 9397)

Detalles MARC
000 -LEADER
fixed length control field 00827nam a2200313 4500
001 - CONTROL NUMBER
control field 0001310647
003 - CONTROL NUMBER IDENTIFIER
control field DO-SdBNP
005 - DATE AND TIME OF LATEST TRANSACTION
control field 20180202104235.0
007 - PHYSICAL DESCRIPTION FIXED FIELD--GENERAL INFORMATION
fixed length control field 0001310647
008 - FIXED-LENGTH DATA ELEMENTS--GENERAL INFORMATION
fixed length control field 990901s1998 sp | ||| ||spa
016 7# - NATIONAL BIBLIOGRAPHIC AGENCY CONTROL NUMBER
Record control number
Source BPMSU
017 ## - COPYRIGHT OR LEGAL DEPOSIT NUMBER
Copyright or legal deposit number
Assigning agency
020 ## - INTERNATIONAL STANDARD BOOK NUMBER
International Standard Book Number 8408026755
035 ## - SYSTEM CONTROL NUMBER
System control number
040 ## - CATALOGING SOURCE
Original cataloging agency BPMUS
Language of cataloging spa
Transcribing agency BPMSU
Description conventions
041 1# - LANGUAGE CODE
Language code of text/sound track or separate title spa
Language code of original
080 #0 - UNIVERSAL DECIMAL CLASSIFICATION NUMBER
Universal Decimal Classification number
100 1# - MAIN ENTRY--PERSONAL NAME
Personal name Yourcenar, Marguerite,
Dates associated with a name 1903-1987.
240 10 - UNIFORM TITLE
Uniform title <a href="Mémoires d'Hadrien">Mémoires d'Hadrien</a>
Language of a work Español
245 10 - TITLE STATEMENT
Title Memorias de Adriano /
Statement of responsibility, etc. Marguerite Yourcenar ; traducción de Julio Cortázar
Medium
250 ## - EDITION STATEMENT
Edition statement
260 ## - PUBLICATION, DISTRIBUTION, ETC. (IMPRINT)
Place of publication, distribution, etc. Barcelona :
Name of publisher, distributor, etc. Planeta,
Date of publication, distribution, etc. 1998
300 ## - PHYSICAL DESCRIPTION
Extent 366 p.
Dimensions 18 cm
490 1# - SERIES STATEMENT
Series statement Booket
Volume/sequential designation 317
830 #0 - SERIES ADDED ENTRY--UNIFORM TITLE
Name of part/section of a work Booket
Volume number/sequential designation 317
942 ## - ADDED ENTRY ELEMENTS (KOHA)
Source of classification or shelving scheme Dewey Decimal Classification
Koha item type Libros
945 ## - LOCAL PROCESSING INFORMATION (OCLC)
a Inventariado, 2018 /LP
956 ## - LOCAL ELECTRONIC LOCATION AND ACCESS (OCLC)
Access method VMATEO
Materials specified 10
Linkage 20160328
Field link and sequence number BPMSU
Host name 0069
Existencias
Withdrawn status Lost status Source of classification or shelving scheme Damaged status Not for loan Collection code Home library Current library Date acquired Source of acquisition Total Checkouts Barcode Date last seen Price effective from Koha item type
    Dewey Decimal Classification     Colección General Biblioteca Pública Metropolitana Salomé Ureña Biblioteca Pública Metropolitana Salomé Ureña 03/28/2016 FUNDI   BPMSU16030278 03/28/2016 03/28/2016 Libros